Plastic Reduction as Part of Sustainable Golf Tourism in Slovakia

Udržateľný cestovný ruch v golfe hrá čoraz dôležitejšiu úlohu v úsilí minimalizovať negatívne sociálne a environmentálne dopady tohto športu. Golfové rezorty zvyčajne spolupracujú s miestnymi dodávateľmi, vytvárajú pracovné miesta pre miestnych obyvateľov, poskytujú príležitosti pre miestne komunity...

Description complète

Enregistré dans:
Détails bibliographiques
Auteur principal: Malíčková, Lucia, 1988-
Format: Chapitre de livre
Langue:anglais
Sujets:
Tags: Ajouter un tag
Pas de tags, Soyez le premier à ajouter un tag!

MARC

LEADER 00000naa$a2200000$$$4500
001 0296598
005 20251105104511.3
041 0 |a eng 
044 |a CZ 
245 1 0 |a Plastic Reduction as Part of Sustainable Golf Tourism in Slovakia  |c Lucia Malíčková 
520 |a Udržateľný cestovný ruch v golfe hrá čoraz dôležitejšiu úlohu v úsilí minimalizovať negatívne sociálne a environmentálne dopady tohto športu. Golfové rezorty zvyčajne spolupracujú s miestnymi dodávateľmi, vytvárajú pracovné miesta pre miestnych obyvateľov, poskytujú príležitosti pre miestne komunity a investujú do miestneho vzdelávania a infraštruktúry. Z ekonomického hľadiska golfová turistika prispieva k rozvoju destinácií. Turisti prichádzajúci do golfového rezortu prispievajú k miestnej ekonomike prostredníctvom ubytovania, stravovania a voľnočasových aktivít. 
610 2 0 |a udržateľnosť 
610 2 0 |a hospodárstvo odpadové 
610 2 0 |a plasty 
610 2 0 |a ruch cestovný 
610 2 0 |a ruch cestovný udržateľný 
100 1 |a Malíčková, Lucia, 1988-